| 000 | 01033nam a22002417a 4500 | ||
|---|---|---|---|
| 999 |
_c2305 _d2305 |
||
| 003 | AR-CdUCM | ||
| 008 | 190304b ||||| |||| 00| 0 spa d | ||
| 040 |
_aMUNICIPALIDAD PROVINCIAL DEL CUSCO _cBIBLIOTECA MUNICIPAL DEL CUSCO |
||
| 082 |
_a302 / _bP59 |
||
| 100 |
_aPinilla, Antonio _96881 |
||
| 245 |
_aLa Interacción Humana : _bPrincipio de las Relaciones Sociales, Administrativas y Políticas / |
||
| 260 |
_aLima : _bBiblioteca Universidad de Lima, _c1977. |
||
| 300 |
_a2 tomos ; _c19cm. |
||
| 505 | _aContenido: t.1 : Conocimiento de la interacción humana --Dirección de la interacción humana --Parte descriptiva --Parte preceptiva ... -- t.2 : Dirección de la Interacción Humana -- Parte Descriptiva -- Parte Preceptiva | ||
| 650 |
_aInteracción social. _96882 |
||
| 650 |
_aPsicologia Social _94539 |
||
| 650 |
_aFilosofia _9395 |
||
| 700 |
_aSánchez Caballero, Alberto _98322 |
||
| 700 |
_aMadueño, Patricia _98323 |
||
| 700 |
_aCateriano Z, Ricardo _98324 |
||
| 942 |
_2ddc _cLIBROS |
||
| 945 |
_apjha _d2019-03-04 |
||